| 000 | 01505cam a22003371i 4500 | ||
|---|---|---|---|
| 003 | SA_RiAUC | ||
| 005 | 20241002073405.0 | ||
| 008 | 240928s2009____su g b f000 0 ara c | ||
| 020 | _a9789960039039 | ||
| 040 |
_aSA-MaUQU _bara _cSA-RiAUC _erda |
||
| 082 | 0 | 4 | _a415.1 |
| 082 | 0 | 4 |
_a415.1 _qSA-RiAUC |
| 090 |
_a415.1 _bق ر ش |
||
| 100 | 1 |
_aالقرشي، محمد حماد ساعد _eمؤلف. |
|
| 245 | 1 | 0 |
_aاعتراضات ابن عقيل على ألفية ابن مالك / _cتأليف محمد بن حماد بن ساعد القرشي. |
| 264 | 1 |
_aمكة المكرمة : _bنادي مكة الثقافي، _c1985. |
|
| 300 |
_a128 صفحة ؛ _c24 سم. |
||
| 336 |
_aنص _btxt _2rdacontent _3كتاب |
||
| 337 |
_aبدون وسيط _bn _2rdamedia |
||
| 338 |
_aمجلد _bnc _2rdacarrier |
||
| 490 | 0 | _aسلسلة بحوث اللغة العربية وآدابها | |
| 504 | _aببليوجرافية : صفحة 147-155. | ||
| 650 | 7 |
_aاللغة العربية _xنحو _2aucsh |
|
| 650 | 7 |
_aاللغة العربية _xصرف _2aucsh |
|
| 700 | 1 | 2 |
_aابن عقيل، عبد الله بن عبد الرحمن بن عبد الله، _d694-769 هجري |
| 700 | 1 | 2 |
_aابن مالك، محمد بن عبد الله، _d600-672 هجري. _tألفية ابن مالك. |
| 740 | 0 | 2 | _aشرح ابن عقيل على ألفية ابن مالك. |
| 740 | 0 | 2 | _aألفية ابن مالك في النحو والصرف. |
| 942 |
_2ddc _cBOOK _n0 |
||
| 949 |
_aSA-JeALM _d240928 _umohamedma123 _n1 |
||
| 999 |
_c771 _d771 |
||